K rozšíreniu, ekológii a fytocenológii Corydalis capnoides (L.) Pers. na Slovensku

Podrobná bibliografia
Hlavní autori: Kliment, Ján, 1954- (Autor), Kochjarová, Judita (Autor)
Médium: Článok
Jazyk:slovenčina

MARC

LEADER 00000nab a2200000ua 4500
001 vtls010834855
003 SK-MaSNL
005 20260303104232.0
008 230121s1995 xo |||||||||||||||||slo|
035 |a (urnnbn)urn:nbn:sk:snk:ar-a06pdt 
035 |a urn:nbn:sk:snk-ab5yy8 
035 |a (uuid)249d2695-6b20-412b-85f7-7f7ab06ea809 
040 |a SNKBUCL  |b slo  |c SNKBUCL  |e AACR2 
041 0 |a slo 
044 |a xo  |c SK 
100 1 |a Kliment, Ján,  |d 1954-  |4 aut  |9 197677 
245 1 0 |a K rozšíreniu, ekológii a fytocenológii Corydalis capnoides (L.) Pers. na Slovensku  |c Ján Kliment, Judita Kochjarová 
246 3 |a On the distribution, ecology and phytosociology of Corydalis capnoides (L.) Pers. in Slovakia 
700 1 |a Kochjarová, Judita  |4 aut  |9 266905 
773 0 |t Bulletin Slovenskej botanickej spoločnosti pri Slovenskej akadémii vied  |g Roč. 17, č. 1 (1995), s. 99-103 
954 |a odborná, vedecká literatúra pôvodná (slovenská)  |2 lita 
958 |a OND 
958 |a EUIPO 
958 |a article5 
999 |c 1855366  |d 1857296